Interim review of the Home Owners Support Fund (Record no. 110399)

MARC details
000 -LEADER
fixed length control field 01325cad a22002295a 4500
001 - CONTROL NUMBER
control field E149184
008 - FIXED-LENGTH DATA ELEMENTS--GENERAL INFORMATION
fixed length control field 100126s2009 xxk f s000 0 eng d
020 ## - INTERNATIONAL STANDARD BOOK NUMBER
International Standard Book Number 9780755992195
035 ## - SYSTEM CONTROL NUMBER
System control number (Sirsi) u149184
041 0# - LANGUAGE CODE
Language code of text/sound track or separate title eng
110 2# - MAIN ENTRY--CORPORATE NAME
Corporate name or jurisdiction name as entry element ODS Consulting
9 (RLIN) 5823
245 00 - TITLE STATEMENT
Title Interim review of the Home Owners Support Fund
Medium [electronic resource]
260 ## - PUBLICATION, DISTRIBUTION, ETC.
Place of publication, distribution, etc. Edinburgh
Name of publisher, distributor, etc. Scottish Government
Date of publication, distribution, etc. 2009
505 2# - FORMATTED CONTENTS NOTE
Formatted contents note Introduction -- The Home Owners' Support Fund -- Key themes arising from consultations -- Key findings and recommendations
520 ## - SUMMARY, ETC.
Summary, etc. In March 2009 the Scottish Government launched the Home Owners Support Fund made up of a revised Mortgage to Rent scheme and a Mortgage to Shared Equity scheme. This review looks at the operation of the scheme from March 2009 to August 2009 to identify possible areas of improvement. Potential improvements identified by the research include the advice available to applicants, information on participating landlords, subsidies available and administrative improvements.
521 ## - TARGET AUDIENCE NOTE
Target audience note Advance
590 ## - LOCAL NOTE (RLIN)
Local note KA
651 #4 - SUBJECT ADDED ENTRY--GEOGRAPHIC NAME
Geographic name Scotland
Chronological subdivision 1999-
690 ## - LOCAL SUBJECT ADDED ENTRY--TOPICAL TERM (OCLC, RLIN)
Topical term or geographic name as entry element PROPERTY-RESIDENTIAL PROPERTY-DOMESTIC RESIDENTIAL PROPERTY-HOUSING
856 40 - ELECTRONIC LOCATION AND ACCESS
Uniform Resource Identifier <a href="https://www.scotland.gov.uk/Publications/2010/01/14125643/0">https://www.scotland.gov.uk/Publications/2010/01/14125643/0</a>
Public note View the report free of charge at www.scotland.gov.uk...
942 ## - ADDED ENTRY ELEMENTS (KOHA)
Suppress in OPAC 0
Holdings
Withdrawn status Lost status Source of classification or shelving scheme Damaged status Not for loan Home library Current library Shelving location Date acquired Total Checkouts Full call number Barcode Date last seen Copy number Price effective from Koha item type
    Dewey Decimal Classification     Virtual Virtual Online 26/01/2010   ONLINE PUBLICATION 149184-2001 06/08/2019 1 06/08/2019 Book